000 00677nam0a22002171 4500
001 rc\649805
005 20250621195855.0
035 _a(NLR Aleph) 005890079
090 _a6168213
_c6168213
100 _a20031121d1986 |||y0rusy50 ca
101 0 _arus
102 _aRU
105 _aa |||||||||
200 1 _aˆ"‰Сума, дай ума!"
_e[Карел. нар. сказка
_eДля детей
_fПер. У. Конкка
_gХудож. Н.И. Брюханов]
210 _aПетрозаводск
_cКарелия
_d1986
215 _a[14] c.
_cцв. ил.
_d22
801 0 _aRU
_bNLR
_gpsbo
801 1 _aRU
_bELAR
_2rusmarc
852 _aNLR
_j86-6/4053
942 _cBOOK
980 _aNB